Gobierno impulsa reforma tributaria

En el mes de diciembre de 1986, el gobierno central (administración Arias Sánchez -1986-1990), por intermedio del Ministerio de Hacienda, anunció una reforma tributaria, la cual pretende: i-. Desplazar los impuestos de la producción al consumo, sobre todo al consumo suntuario y, ii-. Aliviar la sit...

Fuld beskrivelse

Guardado en:
Bibliografiske detaljer
Format: Texto
Fag:
Tags: Tilføj Tag
Ingen Tags, Vær først til at tagge denne postø!

MARC

LEADER 00000 a a2200000 04500
001 9101
003
040
245 |a Gobierno impulsa reforma tributaria  
520 |a En el mes de diciembre de 1986, el gobierno central (administración Arias Sánchez -1986-1990), por intermedio del Ministerio de Hacienda, anunció una reforma tributaria, la cual pretende: i-. Desplazar los impuestos de la producción al consumo, sobre todo al consumo suntuario   |a y, ii-. Aliviar la situación fiscal del gobierno central aumentando los ingresos públicos. En el primer aspecto se resalta que la reforma tendría la intención de desplazar la carga tributaria de la producción al consomo, especialmente de los bienes de lujo, lo cual haría menos regresivos a esos tributos. Por lo demás, según lo expresa el Dr. Fernando Naranjo, ministro de hacienda, aparte de mejorar la situación fiscal del gobierno, conforme a los acuerdos con el Fondo Monetario Internacional (FMI), el intencionalidad de la reforma es la de estimular a la empresa privada y, a la vez, mejorar la distribución del ingreso. MB/eb  
650 |a GOBIERNO CENTRAL  
650 |a REFORMAS TRIBUTARIAS  
650 |a IMPUESTOS  
650 |a IMPUESTO AL VALOR AGREGADO  
650 |a IMPUESTO AL CONSUMO  
650 |a INGRESOS FISCALES  
650 |a IMPUESTO A LA RENTA  
650 |a DEFICIT  
773 |g número 1; páginas 19-20  
999 |c 34533  |d 34533